| 000 | 01368nmc a2200373 a 4500 | ||
|---|---|---|---|
| 003 | AR-BaBNM | ||
| 005 | 20251128205527.0 | ||
| 008 | 297119s1995 ||||||||||||||000 | spa|| | ||
| 020 | _a950-02-5788-2 | ||
| 040 | _cAR-BaBNM | ||
| 100 | 1 | _aLópez Bonelli, Angela R. | |
| 245 | 1 | 0 |
_aLa orientación vocacional como proceso _bteoría, técnica y práctica |
| 250 | _a3ª ed. | ||
| 260 |
_aBuenos Aires _bEl Ateneo _c1995 |
||
| 300 | 1 |
_axiv, 210 p. _bdiagr., il. |
|
| 490 | 0 | _aPsicología y relaciones humanas | |
| 500 | 1 | _aAnexo: Algunos recursos utilizados en los programas expuestos: carta abierta, guía para la exposición de campo profesional en paneles informativos, historia vocacional, encuesta evaluación program a de orientación universitaria, collage, dibujo, imagen oc | |
| 504 | _aBibliografía: p. 203-210 | ||
| 650 | 4 | _aSERVICIOS DE ORIENTACION | |
| 650 | 4 | _aPROGRAMAS DE ORIENTACION | |
| 650 | 4 | _aOCUPACIONES | |
| 650 | 4 | _aFUNCIONES DE LA ORIENTACION | |
| 650 | 4 | _aOBJETIVOS DE LA ORIENTACION | |
| 650 | 4 | _aADOLESCENCIA | |
| 650 | 4 | _aMOTIVACION DEL ALUMNO | |
| 650 | 4 | _aENTREVISTAS | |
| 650 | 4 | _aREGISTROS DE ALUMNOS | |
| 653 | 0 | _aORIENTACION VOCACIONAL | |
| 653 | 0 | _aGABINETES PSICOPEDAGOGICOS | |
| 653 | 0 | _aEDUCACION SECUNDARIA | |
| 700 | 1 |
_aMigone de Faletty, Raquel C. _eprologuista |
|
| 942 | _cBK | ||
| 998 | _cSILVI | ||
| 999 |
_c11760 _d11760 |
||